LEADER 03388nam 2200769 450 001 996205848403316 005 20230112134245.0 010 $a1-281-84067-X 010 $a9786611840679 010 $a0-470-71288-0 010 $a0-470-71263-5 035 $a(CKB)1000000000549753 035 $a(EBL)366889 035 $a(SSID)ssj0000354258 035 $a(PQKBManifestationID)11281507 035 $a(PQKBTitleCode)TC0000354258 035 $a(PQKBWorkID)10302832 035 $a(PQKB)10518138 035 $a(SSID)ssj0000590658 035 $a(PQKBManifestationID)12272857 035 $a(PQKBTitleCode)TC0000590658 035 $a(PQKBWorkID)10672467 035 $a(PQKB)11263749 035 $a(MiAaPQ)EBC366889 035 $a(MiAaPQ)EBC792754 035 $a(Au-PeEL)EBL792754 035 $a(MiAaPQ)EBC7076100 035 $a(Au-PeEL)EBL7076100 035 $a(PPN)191497681 035 $a(OCoLC)264615270 035 $a(EXLCZ)991000000000549753 100 $a20230112d2008 uy 0 101 0 $aeng 135 $aur|n|---||||| 181 $ctxt 182 $cc 183 $acr 200 00$aGlobalizing cities $ea new spatial order? /$fedited by Peter Marcuse, Ronald Van Kempen 205 $a1st ed. 210 1$aChichester, West Sussex :$cJohn Wiley & Sons, Inc.,$d[2008] 210 4$dİ2008 215 $a1 online resource (338 p.) 225 1 $aStudies in Urban and Social Change 300 $aDescription based upon print version of record. 311 $a0-631-21290-6 311 $a0-631-21289-2 320 $aIncludes bibliographical references and index. 327 $aGLOBALIZING CITIES: A NEW SPATIAL ORDER?; Contents; List of Figures; List of Maps; List of Tables; List of Contributors; Series Editors' Preface; Preface; 1 Introduction; 2 The Unavoidable Continuities of the City; 3 From the Metropolis to Globalization: The Dialectics of Race and Urban Form; 4 From Colonial City to Globalizing City? The Far-from complete Spatial Transformation of Calcutta; 5 Rio de Janeiro: Emerging Dualization in a Historically Unequal City; 6 Singapore: the Changing Residential Landscape in a Winner City; 7 Tokyo: Patterns of Familiarity and Partitions of Difference 327 $a8 Still a Global City: The Racial and Ethnic Segmentation of New York9 Brussels: Post-Fordist Polarization in a Fordist Spatial Canvas; 10 The Imprint of the Post-Fordist Transition on Australian Cities; 11 The Globalization of Frankfurt am Main: Core, Periphery and Social Conflict; 12 Conclusion: A Changed Spatial Order; List of References; Index 330 $aThis exciting collection of original essays provides students and professionals with an international and comparative examination of changes in global cities, revealing a growing pattern of social and spatial division or polarization. 410 0$aStudies in urban and social change. 606 $aCities and towns 606 $aPolarization (Social sciences) 606 $aHuman geography 615 0$aCities and towns. 615 0$aPolarization (Social sciences) 615 0$aHuman geography. 676 $a307.76 702 $aMarcuse$b Peter 702 $aKempen$b Ronald van 801 0$bMiAaPQ 801 1$bMiAaPQ 801 2$bMiAaPQ 906 $aBOOK 912 $a996205848403316 996 $aGlobalizing cities$9676103 997 $aUNISA LEADER 03522nam 22006733 450 001 9910737283203321 005 20241107100734.0 010 $a9781003084327 010 $a100308432X 010 $a9781000182088 010 $a1000182088 010 $a9781000185263 010 $a1000185265 010 $a9781350045446 010 $a1350045446 024 8 $ahttps://doi.org/10.4324/9781003084327 035 $a(CKB)4100000008483264 035 $a(MiAaPQ)EBC6159270 035 $a(OCoLC)1155638046 035 $a(OCoLC-P)1155638046 035 $a(FlBoTFG)9781003084327 035 $a(MiAaPQ)EBC7245066 035 $a(Au-PeEL)EBL7245066 035 $a(ODN)ODN0005512665 035 $a(ScCtBLL)6aaec732-d732-4a8d-8b22-1d8b2f0e4545 035 $a(EXLCZ)994100000008483264 100 $a20231110h20202019 uy 0 101 0 $aeng 135 $aurcnu|||unuuu 181 $ctxt$2rdacontent 182 $cc$2rdamedia 183 $acr$2rdacarrier 200 12$aA cultural history of twin beds /$fHilary Hinds 205 $a1 ed. 210 $d2020 210 1$aAbingdon, Oxon :$cRoutledge,$d2020. 210 4$dİ2019 215 $a1 online resource (262 pages) $cillustrations 225 0 $aHome. 300 $a"First published 2019 by Bloomsbury Academic." 311 08$a1-350-04542-X 320 $aIncludes bibliographical references and index. 327 $aList of FiguresSeries Preface: Why Home?AcknowledgementsIntroduction: At Home with Twin Beds1. Double or Twin?Part One: Hygiene 2. Air in the Bedroom3. Vital Force4. Coda: Modern SleepPart Two: Modernity5. Anti-Victorianism and the Modern Home6. Modern by Design7. Coda: The Mise-en-Sce?ne of Modern MarriagePart Three: Marriage8. At Home with a Stranger9. Marie Stopes and Modern Marriage10. Late Victorian Marital Advice11. Abstinence and Ambivalence12. Twin Beds: The Literary VerdictConclusion: Together and ApartNotesReferencesIndex 330 $aA Cultural History of Twin Beds challenges our most ingrained assumptions about intimacy, sexuality, domesticity and hygiene by tracing the rise and fall of twin beds as a popular sleeping arrangement for married couples between 1870 and 1970. Modern preconceptions of the twin bed revolve around their use by couples who have no desire to sleep in the same bed space. Yet, for the best part of a century, twin beds were not only seen as acceptable but were championed as the sign of a modern and forward-thinking couple. But what lay behind this innovation? And why did so many married couples ultimately abandon the twin bed?In this book, Hilary Hinds presents a fascinating insight into the combination of beliefs and practices that made twin beds an ideal sleeping solution. Using nuanced close readings of marriage guidance and medical advice books, furnishing catalogues, novels, films and newspapers, this volume offers an accessible and rigorous account of the curious history of twin beds. This is vital reading for those with an interest in cultural history, sociology, anthropology and psychology. 606 $aBeds$xSocial aspects 606 $aBeds$xHistory 615 0$aBeds$xSocial aspects. 615 0$aBeds$xHistory. 676 $a645.409 676 $a645.409 686 $aSOC002000$aSOC002010$2bisacsh 700 $aHinds$b Hilary$01108484 801 0$bMiAaPQ 801 1$bMiAaPQ 801 2$bMiAaPQ 906 $aBOOK 912 $a9910737283203321 996 $aA cultural history of twin beds$93553304 997 $aUNINA